Historia de la música : del siglo xviii a nuestros dias /

Guardado en:
Autor Principal: Talamon, Gastón O
Formato: Libro
Publicado: Buenos Aires : Ricordi, 1979
Edición:8a. ed.
Materias:
Etiquetas: Agregar Etiqueta
Sin Etiquetas, Sea el primero en etiquetar este registro!
LEADER 00514nam a22001815a 4500
001 CEM.cems006181
005 20060214000000.0
008 130507s1979##################000#0#####d
003 CEMS
082 0 4 |a 780.9 
100 1 |a Talamon, Gastón O 
245 1 0 |a Historia de la música :  |b del siglo xviii a nuestros dias / 
250 |a 8a. ed. 
260 |a Buenos Aires :  |b Ricordi,  |c 1979 
300 |a 380 p. 
653 |a Música 
653 |a Música-historia 
859 |a CEMS  |b BIB. CEMS - 11 de abril  |h 780.9  |i T141a8  |p 11741.83  |t Ej.1